000 00557nam a2200217Ia 4500
003 OSt
005 20220928143238.0
006 a|||||r|||| 00| 0
007 ta
008 220927b |||||||| |||| 00| 0 eng d
024 _a21487
037 _cTextual
040 _aSDCL
_cSDCL
_beng
041 _2eng
_aeng
082 _aQ2xM23, M2
100 _aShrivastav Kumudinee
_9504956
245 0 _aSwami Dayanand ka darshan tatha dharm.
260 _c1882
942 _hQ2xM23, M2
_cTEXL
_2CC
999 _c823526
_d823526